| 000 | 01768nam a22004457a 4500 | ||
|---|---|---|---|
| 003 | CHAP | ||
| 005 | 20220329143247.0 | ||
| 008 | 071026s2007 mx a r 00010 spa d | ||
| 010 | _a94100 | ||
| 011 | _a95072 | ||
| 035 | _a105676 | ||
| 040 | _cCHAP | ||
| 090 | _aTesis | ||
| 100 | 0 | 0 |
_aLópez Romero, José Miguel. _968307 |
| 245 | 1 | 0 |
_aAcción de las estrobilurinas para el control de la cenicilla de la gerbera (Erysiphe cichoracearum D.C.) en Santiago Oxtotitlán, Villa Guerrero, Edo. México _c/por José Miguel López Romero |
| 260 |
_aChapingo, Méx. : _bEl autor, _c2007 |
||
| 300 |
_a63 h. : _bgráfs., cuadros |
||
| 502 | _aTesis (Ing. Agr. Esp. en Parasitología Agrícola) -- UACH. Departamento de Parasitología Agrícola | ||
| 530 | _aTambién disponible en línea | ||
| 590 |
_aALEPH _b10 _c20130110 _lUCH01 _h1520 |
||
| 590 |
_aBATCH-UPD _b10 _c20130110 _lUCH01 _h1507 |
||
| 590 |
_aBATCH-UPD _b10 _c20130410 _lUCH01 _h0925 |
||
| 590 |
_aBATCH-UPD _b10 _c20130914 _lUCH01 _h0908 |
||
| 590 |
_aBATCH-UPD _b10 _c20140324 _lUCH01 _h1504 |
||
| 590 |
_aBATCH-UPD _b10 _c20141002 _lUCH01 _h0835 |
||
| 590 |
_aCONVERSION _b10 _c20130109 _lUCH01 _h1352 |
||
| 650 | 1 | 4 |
_aCenicilla. _920964 |
| 650 | 1 | 4 |
_aControl biológico de hongos. _927580 |
| 650 | 1 | 4 |
_aCultivos en invernadero. _930376 |
| 650 | 1 | 4 |
_aFloricultura. _941822 |
| 650 | 1 | 4 |
_aGerbera. _947710 |
| 650 | 1 | 4 |
_aGerbera _xEnfermedades por hongo. _947728 |
| 650 | 1 | 4 |
_aGerbera _xEnfermedades. _947716 |
| 856 |
_3Finding aid _uhttp://10.13.5.2/tesis/105676.pdf _zTeclea aqui |
||
| 901 | _aBK | ||
| 905 | _aElisama A. H. | ||
| 942 | _cFOLL | ||
| 949 |
_aTesis _bBC _cTES _d33724002035090 _eTS2 _fc.2 _gDonaciØn _h47087 _i105676 _sb |
||
| 949 |
_aTesis _bBC _cTES _d33724002035132 _eTS1 _gDonaciØn _h47086 _i105676 _si |
||
| 999 |
_c94100 _d94100 |
||